[Event "SLO-chT2 West"]
[Site "Slovenia"]
[Date "2010.11.07"]
[Round "4.4"]
[White "Sivic, Klemen"]
[Black "Bozic, Juro"]
[Result "1-0"]
[WhiteElo "2043"]
[BlackElo "1833"]
[PlyCount "77"]
[EventDate "2010.11.05"]
[EventType "team-tourn"]
[EventRounds "9"]
[EventCountry "SLO"]
[SourceTitle "EXT 2022"]
[Source "ChessBase"]
[SourceDate "2021.10.06"]
[SourceVersion "1"]
[SourceVersionDate "2021.10.06"]
[SourceQuality "1"]

1. d4 f5 2. g3 Nf6 3. Bg2 e6 4. Bg5 Be7 5. c4 Ne4 6. Bxe7 Qxe7 7. Qc2 Qb4+ 8. Nc3 Qxc4 9. Bxe4 fxe4 10. Qxe4 c5 11. d5 Qxe4 12. Nxe4 exd5 13. Nxc5 b6 14. Nb3 Bb7 15. Nd4 Nc6 16. Ngf3 0-0 17. 0-0 Rae8 18. e3 Rf6 19. Rfd1 h6 20. Rac1 g5 21. Rd2 g4 22. Nh4 Re4 23. Ng2 Ne5 24. Rc7 Nf3+ 25. Nxf3 gxf3 26. Rxb7 Rc4 27. Rd1 fxg2 28. Rd2 d4 29. exd4 Rd6 30. Rxa7 Rcxd4 31. Rxd4 Rxd4 32. Rb7 Rd6 33. Kxg2 Kf7 34. b4 Ke6 35. a4 Kd5 36. a5 bxa5 37. bxa5 Kc5 38. a6 Kc6 39. Rb8 1-0

[Event "SLO-chT2 West"]
[Site "Slovenia"]
[Date "2010.11.06"]
[Round "2.4"]
[White "Bozic, Juro"]
[Black "Pecnik, Primoz"]
[Result "1-0"]
[WhiteElo "1833"]
[BlackElo "1816"]
[PlyCount "107"]
[EventDate "2010.11.05"]
[EventType "team-tourn"]
[EventRounds "9"]
[EventCountry "SLO"]
[SourceTitle "EXT 2022"]
[Source "ChessBase"]
[SourceDate "2021.10.06"]
[SourceVersion "1"]
[SourceVersionDate "2021.10.06"]
[SourceQuality "1"]

1. f4 d5 2. Nf3 Nc6 3. e3 Nf6 4. Bb5 a6 5. Bxc6+ bxc6 6. d3 g6 7. Ne5 Bd7 8. c4 Bg7 9. Nc3 Qc8 10. Qf3 Qb7 11. g4 h5 12. g5 Bg4 13. Nxg4 hxg4 14. Qg2 Nd7 15. d4 f5 16. c5 Kf7 17. h4 e6 18. Kf2 Qb4 19. a3 Qc4 20. Qf1 Qb3 21. Qd1 Rab8 22. Qxb3 Rxb3 23. Kg3 Ke7 24. Ra2 Kf7 25. Ne2 a5 26. Bd2 Rhb8 27. Bc3 a4 28. Nc1 R3b5 29. Nd3 Rh8 30. Nb4 Nb8 31. Rb1 Ke7 32. b3 axb3 33. Rxb3 Kd7 34. a4 Rb7 35. a5 Ra7 36. a6 Rg8 37. Rba3 Rh8 38. Nd3 Rg8 39. Nb4 Rh8 40. Rh2 Ke7 41. Ra1 Rh5 42. Rb2 Kd7 43. Nxd5 Rxa6 44. Rxb8 Rxa1 45. Nb6+ cxb6 46. Bxa1 Kc7 47. Ra8 Kb7 48. Re8 Ka6 49. Rxe6 bxc5 50. Rxc6+ Kb7 51. Rxg6 Bh8 52. Rh6 Rxh6 53. gxh6 c4 54. e4 1-0

[Event "SLO-chT2 West"]
[Site "Postojna"]
[Date "2009.11.08"]
[Round "9.5"]
[White "Pecnik, Primoz"]
[Black "Bozic, Juro"]
[Result "1/2-1/2"]
[WhiteElo "1824"]
[BlackElo "1841"]
[PlyCount "125"]
[EventDate "2009.10.23"]
[EventType "team-tourn"]
[EventRounds "9"]
[EventCountry "SLO"]
[SourceTitle "EXT 2010"]
[Source "ChessBase"]
[SourceDate "2010.11.25"]
[SourceVersion "1"]
[SourceVersionDate "2010.11.25"]
[SourceQuality "1"]
[WhiteTeam "Lojz Kraigher"]
[BlackTeam "Postojna"]
[WhiteTeamCountry "SLO"]
[BlackTeamCountry "SLO"]

1. e4 e5 2. Nc3 Nf6 3. f4 d5 4. fxe5 Nxe4 5. d3 Nxc3 6. bxc3 d4 7. Nf3 Bc5 8. Be2 Nc6 9. 0-0 h6 10. Kh1 Qe7 11. Bb2 dxc3 12. Bxc3 Bg4 13. d4 0-0-0 14. Qe1 Bb6 15. Qg3 h5 16. h3 Be6 17. Rfd1 h4 18. Qf4 Rh6 19. Ng5 Bd5 20. Bf3 Rg6 21. Ne4 Kb8 22. Be1 Rh6 23. c3 Rf8 24. Qg5 Qxg5 25. Nxg5 Bxf3 26. Nxf3 f6 27. exf6 Rhxf6 28. Bxh4 Rf4 29. Bg3 R4f5 30. Rf1 Ba5 31. Be1 g5 32. Bd2 a6 33. Kg1 Ka7 34. Rad1 Rg8 35. g4 Rb5 36. Rf2 Rb2 37. Bxg5 Bxc3 38. Rxb2 Bxb2 39. Kg2 Nxd4 40. Be3 c5 41. Bxd4 cxd4 42. Nxd4 b5 43. Nb3 Rg6 44. Rd5 Kb6 45. g5 a5 46. h4 a4 47. h5 axb3 48. axb3 Rg8 49. Kf3 Kc6 50. Rf5 Rd8 51. Ke4 Rd4+ 52. Ke3 Rh4 53. g6 b4 54. Kd3 Kd6 55. Rg5 Bg7 56. Rb5 Ke6 57. Rb6+ Kf5 58. Rb5+ Kf6 59. Rb6+ Kg5 60. Rb5+ Kh6 61. Ke3 Bc3 62. Kf3 Rxh5 63. g7 1/2-1/2

[Event "SLO-chT2 West"]
[Site "Kranj"]
[Date "2008.10.18"]
[Round "7.4"]
[White "Bozic, Juro"]
[Black "Bogataj, Tomaz"]
[Result "1-0"]
[WhiteElo "1838"]
[BlackElo "1538"]
[PlyCount "59"]
[EventDate "2008.10.11"]
[EventType "team-swiss"]
[EventRounds "9"]
[EventCountry "SLO"]
[SourceTitle "EXT 2010"]
[Source "ChessBase"]
[SourceDate "2010.11.25"]
[SourceVersion "1"]
[SourceVersionDate "2010.11.25"]
[SourceQuality "1"]
[WhiteTeam "Postojna"]
[BlackTeam "Podpec II"]
[WhiteTeamCountry "SLO"]
[BlackTeamCountry "SLO"]

1. Nf3 d5 2. d4 e6 3. Bf4 Nf6 4. e3 Be7 5. c4 c6 6. Nbd2 0-0 7. Rc1 b6 8. Bd3 Ba6 9. 0-0 dxc4 10. Nxc4 Nbd7 11. Re1 Nd5 12. Bg3 N7f6 13. Nce5 Bxd3 14. Nxc6 Qd7 15. Qxd3 Bd6 16. Nfe5 Qb7 17. Rc2 Rac8 18. Rec1 Nh5 19. e4 Ne7 20. Nxf7 Nxc6 21. Nxd6 Nb4 22. Nxb7 Nxd3 23. Rxc8 Nxc1 24. Rxc1 Nxg3 25. hxg3 Kf7 26. Rc7+ Kg6 27. f4 Kf6 28. Kf2 Re8 29. Nd6 a6 30. Nxe8+ 1-0